| 000 | 00899nac a22002657a 4500 | ||
|---|---|---|---|
| 001 | BR9401852 | ||
| 003 | BR-BrBNA | ||
| 005 | 20240105121515.0 | ||
| 008 | 230509b bl.|||m| |||| 00| 0 por d | ||
| 040 |
_aBR-BrBNA _bpor _cBiblioteca Nacional de Agricultura |
||
| 072 | _aH20 | ||
| 090 | _a0150 BR9401852 | ||
| 100 | 1 | _aRibeiro, A.S. | |
| 110 | 1 |
_aCentro de Pesquisa Agropecuaria de Terras Baixas de Clima Temperado, Pelotas, RS (Brasil) _91554 |
|
| 245 | 1 | _aDoencas de arroz irrigado | |
| 260 | 3 |
_aPelotas, RS (Brasil): _c1988. |
|
| 300 | _a56 p. | ||
| 490 |
_aCircular Tecnica - Centro de Pesquisa Agropecuaria de Terras Baixas de Clima Temperado (Brazil) _vno. 2 _xISSN 0100-7165 |
||
| 500 | _a14 illus.; 31 ref. | ||
| 650 | _aArroz Irrigado | ||
| 650 | _aDoenca de Planta | ||
| 650 | _aRio Grande do Sul | ||
| 909 |
_a202312 _bLúcia Elande _c55 _dLúcia Elande |
||
| 942 |
_2AGRIS _n0 _cMS |
||
| 999 |
_c285695 _d285695 |
||